000 00314nam a2200109Ia 4500
008 220214s9999 xx 000 0 und d
245 0 _aBibliography of document terminology
260 _bPlace de Fontenoy
_aFrance
500 _aEnding Volume & Year: 9, 1969
500 _aStarting Volume & Year: 8, 1968
942 _cBJ
999 _c2552
_d2552